| 000 | 00657cab a2200217 4500 | ||
|---|---|---|---|
| 001 | WB2718-10 | ||
| 008 | 090401t1991 xxu||||| |||| 00| 0 eng d | ||
| 035 | _a(Sirsi) u69764 | ||
| 041 | _aeng | ||
| 245 | _aPrudential`s estate agency sale | ||
| 260 | _c1991 | ||
| 350 | _a0 | ||
| 490 |
_aDaily Telegraph _v8/5/91 p21 |
||
| 520 | _aPrudential Corporation has sold their remaining estate agency branches, 108 offices, to Paul Rooney for £2,000,000. | ||
| 650 | _aACQUISITIONS | ||
| 650 | _aINSTITUTIONS | ||
| 650 | _aSALE | ||
| 690 | _aPROPERTY-COMMERCIAL PROPERTY-COMMERCIAL PROPERTY FINANCE AND INVESTMENT | ||
| 942 | _n0 | ||
| 948 | _c04/03/1997 | ||
| 999 |
_c43854 _d43854 |
||